00000000nam 2200000zi 4500
0019.947840
003CaOODSP
00520250217144858
006m     o  d f      
007cr mn|||||||||
008250207t20252025onc     ob   f000 0 eng d
020 |a9780660756431
040 |aCaOODSP|beng|erda|cCaOODSP
043 |an-cn---
0861 |aIu173-41/1-2025E-PDF
24500|aConsultation on copyright in the age of generative artificial intelligence : |bwhat we heard report.
264 1|aOttawa, ON : |b[Innovation, Science and Economic Development Canada = Innovation, sciences et développement économique Canada], |c[2025]
264 4|c©2025
300 |a1 online resource (17 unnumbered pages)
336 |atext|btxt|2rdacontent
337 |acomputer|bc|2rdamedia
338 |aonline resource|bcr|2rdacarrier
500 |aCover title.
500 |aIssued also in French under title: Consultation sur le droit d'auteur à l'ère de l'intelligence artificielle générative : rapport sur ce que nous avons entendu.
504 |aIncludes bibliographical references.
520 |a"The consultation sought feedback on three key copyright policy areas related to generative AI technology: 1. the use of copyright-protected works in the training of AI systems, notably for text and data mining (TDM) activities; 2. authorship and ownership rights related to AI-generated content; and 3. questions of liability, notably when AI-generated content infringes copyright. While these issues were outlined in the paper, participants in the consultation were also able to raise any other issues they thought important. A number of additional concerns about AI were raised frequently in the consultation"--What we heard, page [6].
650 0|aArtificial intelligence|xGovernment policy|zCanada.
650 0|aCopyright infringement|zCanada.
650 0|aCopyright and electronic data processing|zCanada.
7101 |aCanada. |bInnovation, Science and Economic Development Canada, |eissuing body.
77508|tConsultation sur le droit d'auteur à l'ère de l'intelligence artificielle générative : |w(CaOODSP)9.947841
85640|qPDF|s821 KB|uhttps://publications.gc.ca/collections/collection_2025/isde-ised/Iu173-41-1-2025-eng.pdf
8564 |qHTML|sN/A|uhttps://ised-isde.canada.ca/site/strategic-policy-sector/en/marketplace-framework-policy/consultation-copyright-age-generative-artificial-intelligence-what-we-heard-report